De un castillo a otro
Guardat en:
| Autor principal: | |
|---|---|
| Format: | Llibre |
| Idioma: | espanyol |
| Publicat: |
Barcelona
Lumen
1972
|
| Col·lecció: | Palabra en el Tiempo
|
| Matèries: | |
| Etiquetes: |
Afegir etiqueta
Sense etiquetes, Sigues el primer a etiquetar aquest registre!
|
MARC
| LEADER | 00000nam a2200000 a 4500 | ||
|---|---|---|---|
| 001 | UCO5443 | ||
| 003 | CL-VaPUC | ||
| 008 | 000901e19720000SP |||||||||||||||||spa|d | ||
| 082 | 0 | 4 | |a 928.41 |b CEL |2 21 |
| 100 | 0 | |a Céline, Louis-Ferdinand |e author |9 450179 | |
| 245 | 1 | 0 | |a De un castillo a otro |
| 300 | |a 377 p | ||
| 942 | |c BK | ||
| 945 | |d 20000901 00:00:00 |a crobeson | ||
| 260 | |a Barcelona |b Lumen |c 1972 | ||
| 650 | 0 | |a Autobiografías |9 265171 | |
| 650 | 0 | |a Escritores franceses |9 450149 | |
| 650 | 0 | |a Literatura francesa |9 266330 | |
| 583 | |a last modification |c 20000901 00:00:00 |k Rodrigo Vera | ||
| 490 | 0 | |a Palabra en el Tiempo | |
| 999 | |c 291301 |d 291299 | ||
| 952 | |0 0 |1 0 |4 0 |6 928_410000000000000_CEL_1972 |7 0 |8 A |9 341113 |a BIBART |b BIBART |d 2019-11-20 |i 1220381 |o 928.41 CEL 1972 |p 1220381 |r 2025-03-13 |w 2019-11-20 |y BK |k ART | ||